| 000 | 005870000a22001810004500 | ||
|---|---|---|---|
| 003 | MACL | ||
| 005 | 20160426132809.0 | ||
| 008 | 160426b xxu||||| |||| 00| 0 eng d | ||
| 040 |
_aMACL _cMACL |
||
| 041 | _aHindi | ||
| 082 | _a800 | ||
| 100 |
_aडॉ राधावल्लभ त्रिपाठी _954018 |
||
| 245 | _aसंस्कृत और राष्ट्र की एकता | ||
| 260 |
_bअक्षयवट प्रकाशन _c1992 _aइलाहाबाद |
||
| 350 | _a100 | ||
| 650 |
_aLiteracture _954019 |
||
| 942 |
_cHIN _k800/TRI/L _2ddc |
||
| 999 |
_c20026 _d20026 |
||